header

Breaking autism's barriers (Record no. 2785)

MARC details
000 -LEADER
fixed length control field 01423nam a2200361Ia 4500
082 04 - DEWEY DECIMAL CLASSIFICATION NUMBER
Classification number 618.92/8982/0092
-- B
100 1# - MAIN ENTRY--AUTHOR NAME
Personal name Davis, Bill,
245 10 - TITLE STATEMENT
Title Breaking autism's barriers
260 ## - PUBLICATION, DISTRIBUTION, ETC. (IMPRINT)
Place of publication London ;
-- Philadelphia :
Name of publisher Jessica Kingsley,
Year of publication 2001.
300 ## - PHYSICAL DESCRIPTION
Number of Pages 399 p. :
Other physical details ill.
650 #0 - SUBJECT ADDED ENTRY--TOPICAL TERM
Topical Term Autistic people
Topical Term Autistic children
Topical Term Autistic children
Topical Term Fathers and sons
Topical Term Parents of autistic children.
700 1# - ADDED ENTRY--PERSONAL NAME
Personal name Schunick, Wendy Goldband,
856 40 - ELECTRONIC LOCATION AND ACCESS
Uniform Resource Identifier http://site.ebrary.com/lib/rucke/Doc?id=5000374

No items available.

© 2026 Rongo University
Contact us: librarian | system librarian | Rongo university